Lengua y Literatura latinas / (Registro nro. 97860)

Detalles MARC
000 -LEADER
campo de control de longitud fija 00822nam a2200205 i 4500
001 - NÚMERO DE CONTROL
campo de control 97860
003 - IDENTIFICADOR DE NÚMERO DE CONTROL
campo de control ES-MaACL
005 - FECHA Y HORA DE LA ÚLTIMA TRANSACCIÓN
campo de control 20250829062531.0
007 - CAMPO FIJO DE DESCRIPCIÓN FÍSICA--INFORMACIÓN GENERAL
campo de control de longitud fija t|
008 - DATOS DE LONGITUD FIJA--INFORMACIÓN GENERAL
campo de control de longitud fija 050719m19771978sp ||||1| spa d
100 1# - ENTRADA PRINCIPAL--NOMBRE DE PERSONA
Nombre de persona Mariner Bigorra, Sebastián.
9 (RLIN) 76844
245 10 - MENCIÓN DEL TÍTULO
Título Lengua y Literatura latinas /
Mención de responsabilidad, etc. bajo la dirección del Dr. Sebastián Mariner Bigorra; preparada por Pilar Usabel Hernández, [et al.].
260 ## - PUBLICACIÓN, DISTRIBUCIÓN, ETC.
Lugar de publicación, distribución, etc. Móstoles (Madrid) :
Nombre del editor, distribuidor, etc. Grefol,
Fecha de publicación, distribución, etc. 1977-1978.
300 ## - DESCRIPCIÓN FÍSICA
Extensión 12 t. en 2 v. ;
Dimensiones 30 cm.
500 ## - NOTA GENERAL
Nota general Precede al tít.: Universidad Nacional de Educación a Distancia. Ministerio de Educación y Ciencia.
700 1# - ENTRADA AGREGADA--NOMBRE PERSONAL
Nombre de persona Usábel Hernández, Pilar.
9 (RLIN) 112289
710 2# - ENTRADA AGREGADA--NOMBRE DE ENTIDAD CORPORATIVA
Nombre de entidad corporativa o nombre de jurisdicción como elemento de entrada Universidad Nacional de Educación a Distancia (España)
9 (RLIN) 7405
852 ## - LOCALIZACIÓN
Ubicación ES-MaACL
Número de control de estantería L-2647-48
Sublocalización o colección R.103635
Existencias
Estatus retirado Estado de pérdida Estado de daño No para préstamo Biblioteca de origen Biblioteca actual Ubicación en estantería Fecha de adquisición Fuente de adquisición Total de préstamos Signatura topográfica completa Código de barras Visto por última vez Precio de reemplazo Tipo de ítem Koha
        Biblioteca del Ateneo de Madrid Biblioteca del Ateneo de Madrid Depósito 2 17/01/2008     L-2647-48 1102152 23/02/2023 23/02/2023 Libro impreso